<?xml version="1.0" encoding="UTF-8"?>
<record
    xmlns:xsi="http://www.w3.org/2001/XMLSchema-instance"
    xsi:schemaLocation="http://www.loc.gov/MARC21/slim http://www.loc.gov/standards/marcxml/schema/MARC21slim.xsd"
    xmlns="http://www.loc.gov/MARC21/slim">

  <leader>00767nam a2200217 a 4500</leader>
  <controlfield tag="001">46518</controlfield>
  <controlfield tag="003">BD-RjUL</controlfield>
  <controlfield tag="005">20211209054150.0</controlfield>
  <controlfield tag="008">160802s1962    xx ka         000 0 eng  </controlfield>
  <datafield tag="035" ind1=" " ind2=" ">
    <subfield code="a">(BD-RjUL) 46637</subfield>
  </datafield>
  <datafield tag="040" ind1=" " ind2=" ">
    <subfield code="a">DLC</subfield>
    <subfield code="c">CarP</subfield>
    <subfield code="d">BD-RjUL</subfield>
    <subfield code="b">eng</subfield>
  </datafield>
  <datafield tag="041" ind1=" " ind2=" ">
    <subfield code="a">eng</subfield>
  </datafield>
  <datafield tag="082" ind1=" " ind2=" ">
    <subfield code="2">23</subfield>
    <subfield code="a">336.200954922</subfield>
    <subfield code="b">EAS 1962</subfield>
  </datafield>
  <datafield tag="110" ind1="1" ind2=" ">
    <subfield code="a">East Pakistan.</subfield>
    <subfield code="k">Laws, statutes, etc.</subfield>
    <subfield code="9">134737</subfield>
  </datafield>
  <datafield tag="245" ind1="1" ind2="4">
    <subfield code="a">The East Pakistan certificate manual, 1962. /</subfield>
  </datafield>
  <datafield tag="260" ind1=" " ind2=" ">
    <subfield code="a">Dacca,</subfield>
    <subfield code="b">Officer on Special Duty, S[ervices] &amp; G[eneral] A[dministration Dept.] In-charge, East Pakistan Govt. Press,</subfield>
    <subfield code="c">1962.</subfield>
  </datafield>
  <datafield tag="300" ind1=" " ind2=" ">
    <subfield code="a">ix, 103, xxi p.</subfield>
    <subfield code="b">ill. ;</subfield>
    <subfield code="c">25 cm.</subfield>
  </datafield>
  <datafield tag="650" ind1=" " ind2="0">
    <subfield code="a">Tax collection</subfield>
    <subfield code="z">Bangladesh.</subfield>
    <subfield code="9">141919</subfield>
  </datafield>
  <datafield tag="710" ind1="1" ind2=" ">
    <subfield code="a">East Pakistan (Pakistan).</subfield>
    <subfield code="b">Board of Revenue.</subfield>
    <subfield code="9">141920</subfield>
  </datafield>
  <datafield tag="942" ind1=" " ind2=" ">
    <subfield code="2">ddc</subfield>
    <subfield code="c">BK</subfield>
  </datafield>
  <datafield tag="999" ind1=" " ind2=" ">
    <subfield code="c">46518</subfield>
    <subfield code="d">46518</subfield>
  </datafield>
  <datafield tag="952" ind1=" " ind2=" ">
    <subfield code="0">0</subfield>
    <subfield code="1">0</subfield>
    <subfield code="2">ddc</subfield>
    <subfield code="4">0</subfield>
    <subfield code="7">0</subfield>
    <subfield code="8">NFIC</subfield>
    <subfield code="a">RUCL</subfield>
    <subfield code="b">RUCL</subfield>
    <subfield code="c">Stack</subfield>
    <subfield code="d">1968-07-13</subfield>
    <subfield code="e">Warsi book co. dhaka</subfield>
    <subfield code="g">2.75</subfield>
    <subfield code="l">0</subfield>
    <subfield code="o">336.200954922 EAS 1962</subfield>
    <subfield code="r">2016-08-02 00:00:00</subfield>
    <subfield code="t">C-2</subfield>
    <subfield code="w">2016-08-02</subfield>
    <subfield code="y">BK</subfield>
  </datafield>
</record>
